000 01375nam a2200421Ia 4500
003 GCL
005 20240530104007.0
008 140319s9999 xx 000 0 ara d
040 _aGCL /
_cGCL
082 0 4 _a922.1
_bد م
110 0 _aدار الفكر العربى
245 1 0 _aموسوعة عباقرة الاسلام فى العلم والفكر والادب والقيادة /
_cمحمد امين فرشوخ .
_nالجزء الاول
260 _aبيروت :
_bدار الفكر العربى ،
_c1995
300 _a264 ص. ؛
_c24 سم
650 0 4 _aالعلماء
650 0 4 _aالطب
650 0 4 _aالاسلام
650 0 4 _aالنحو
650 0 4 _aالادب
650 0 4 _aاللغة العربية
650 0 4 _aالرياضيات
650 0 4 _aالتاريخ
650 0 4 _aالادباء
650 0 4 _aالفيزياء
650 0 4 _aالجغرافيا
650 0 4 _aالفنانون
650 0 4 _aالفلك
650 0 4 _aالفلاسفة
650 0 4 _aالاسلام - تراجم
650 0 4 _aالعلوم البحرية
650 0 4 _aالنبات، علم
650 0 4 _aالفلاسفة - تراجم
650 0 4 _aالسياسيون - تراجم
650 0 4 _aالميكانيكا - علم
650 0 4 _aعلماء الاجتماع - تراجم
700 1 _aمحمد امين فرشوخ
942 _2ddc
_cBK
999 _c43981
_d43981